00359nam a2200169Ia 4500008004000000041000800040082001000048100001600058245003700074260002100111650001100132650001000143650001200153650000700165650001000172650000700182210210b1932 xxu||||| |||| 00| 0 eng d aeng a335/4 aAHMAD (M B) aProblem of rural uplift in India aLucknowb-c1932 auplift arural aProblem aof aIndia ain